000 00678nam a2200181Ia 4500
005 20250508155831.0
008 008 250505s9999 xx 000 0 eng d
037 _aDissertations
040 _aFEDL
_beng
_cFEDL
041 _aeng
_2eng
084 _a512.079 1, MAT/DI
_qFEDL
245 0 _aInvestingation into the difficulties of the pupils of class 10th (of Delhi schools) in solving educations and problems in Algebra, and the construction of a diagnostic test for the same purpose. 1954
260 _c1954
300 _a86p.
546 _aM.Ed. Dissertations, 1954 (Delhi University)
942 _cDIS
_h512.079 1, MAT/DI
999 _c1359511
_d1359511